000 00753cam a2200205 4500
001 WB3737-08
008 011003n2001 000 0 eng u
035 _a(Sirsi) u114977
245 _aCity occupiers scramble for space
260 _c2001
490 _aProperty Week
_v66(39) 28 September 2001, 3(1)
520 _aIn the wake of the terrorist attacks in New York, companies based in the City of London have increased their search for data-storage back-up space outside the City, providing a boost to the data-centre market.
590 _aWB
650 _aCITY OF LONDON
650 _aDATA STORAGE
650 _aDATA CENTRES
650 _aTERRORIST ATTACKS
690 _aPROPERTY-COMMERCIAL PROPERTY-COMMERCIAL PROPERTY MARKET
942 _n0
999 _c68460
_d68460